| 000 | 00952nam a22002051 4500 | ||
|---|---|---|---|
| 001 | 53997 | ||
| 003 | ES-MaACL | ||
| 005 | 20250713041032.0 | ||
| 007 | t| | ||
| 008 | 900725s1905 sp ||||0| spa d | ||
| 040 |
_aM-BN _bspa _cA2 |
||
| 100 | 1 |
_aFerraz y Turmo, Vicente. _950353 |
|
| 245 | 1 | 0 | _aDiscurso leído por el catedrático Don Vicente Ferraz y Turmo en la velada literaria celebrada el día 9 de Mayo en el Instituto General y Técnico de Guipuzcoa con ocasión del Tercer Centenario de la publicación de la primera parte del "Quijote" de Miguel Cervantes Saavedra. |
| 260 |
_aSan Sebastián : _b[s.n.], _c1905 ( _fImp. y Lib. de Federico Ferreiros) |
||
| 300 |
_a15 p ; _c23 cm. |
||
| 600 | 1 | 4 |
_aCervantes Saavedra, Miguel de, _d1547-1616. _tDon Quijote de la Mancha- _vAniversarios y centenarios _937614 |
| 710 | 0 |
_aInstituto General y Técnico de Guipúzcoa. _95065 |
|
| 852 |
_aES-MaACL _j2203-F-18 |
||
| 999 |
_c53997 _d53997 |
||